000
00307nam a22001337a 4500
005
20250904112208.0
041
_a
ENG
100
_a
Bright.P.S
245
_a
Indian Forest Service Exam.
250
_a
Thirty Fifth Edition
260
_a
Delhi
_b
Bright Careers
_c
2004
300
_a
240
650
_a
Competitive Exam
999
_c
3285
_d
3285